000 00545nam a2200193 a 4500
001 16107
003 CO-ViMGA
008 141112s2004 ck r 000 u spa d
020 _a8484610128
040 _aCO-ViMGA
_bspa
_cCO-ViMGA
082 0 4 _a813.3 P63m2
100 1 _aPoe, Edgar Allan
_923033
245 1 0 _aNarración de Arthur Gordon Pym
260 _aBarcelona (España) :
_bEdicomunicacion s.a.2001
300 _a190.p.
590 _aForma de adquisición : Premio - Mincultura
650 1 4 _aNOVELA ESTADOUNIDENSE
_9761
942 _2ddc
_cBK
999 _c26032
_d26032